[Event "World Cup U12 Prel"]
[Site "Tornelo INT"]
[Date "2021.08.06"]
[Round "9"]
[White "Dzoba, Demian"]
[Black "Herrera Pedroso, Alex"]
[Result "1-0"]
[WhiteElo "1734"]
[BlackElo "1422"]
[PlyCount "49"]
[EventDate "2021.08.06"]
[EventType "swiss (rapid)"]
[EventRounds "10"]
[EventCountry "NET"]
[SourceTitle "EXT 2025"]
[Source "ChessBase"]
[SourceDate "2024.10.14"]
[SourceVersion "1"]
[SourceVersionDate "2024.10.14"]
[SourceQuality "1"]

1. d4 d5 2. Nf3 Nf6 3. c4 c6 4. g3 dxc4 5. Bg2 b5 6. 0-0 e6 7. Ne5 Bb7 8. a4 Qc7 9. Nc3 Nbd7 10. axb5 Nxe5 11. dxe5 Nd5 12. bxc6 Bxc6 13. Nxd5 Bxd5 14. Bxd5 exd5 15. Qxd5 Rd8 16. Qb5+ Rd7 17. Be3 Qb7 18. Qxc4 Qb8 19. Qc6 Kd8 20. Rfd1 Qb7 21. Qxb7 Bd6 22. Rxd6 Rxd6 23. exd6 a5 24. Qc7+ Ke8 25. Qe7# 1-0

[Event "World Cup U12 Prel"]
[Site "Tornelo INT"]
[Date "2021.08.06"]
[Round "3"]
[White "Dzoba, Demian"]
[Black "Tenguundalai, Ganbat"]
[Result "1-0"]
[WhiteElo "1734"]
[BlackElo "1281"]
[PlyCount "143"]
[EventDate "2021.08.06"]
[EventType "swiss (rapid)"]
[EventRounds "10"]
[EventCountry "NET"]
[SourceTitle "EXT 2025"]
[Source "ChessBase"]
[SourceDate "2024.10.14"]
[SourceVersion "1"]
[SourceVersionDate "2024.10.14"]
[SourceQuality "1"]

1. d4 e6 2. c4 d5 3. Nf3 Nf6 4. g3 Be7 5. Bg2 0-0 6. 0-0 dxc4 7. Ne5 Nc6 8. Bxc6 bxc6 9. Nxc6 Qe8 10. Nxe7+ Qxe7 11. Qa4 e5 12. dxe5 Qxe5 13. Qxc4 Be6 14. Qc2 Bf5 15. Qd2 Rad8 16. Qf4 Rfe8 17. Qxe5 Rxe5 18. Nc3 Nd5 19. Nxd5 Rexd5 20. Be3 c5 21. Rfc1 Rc8 22. Rc3 Bh3 23. Rac1 c4 24. f3 Re8 25. Rxc4 h5 26. R4c3 Kh7 27. Kf2 Rde5 28. Re1 a5 29. Bf4 Rb5 30. b3 g5 31. a4 Rd5 32. e4 Rd7 33. Bxg5 Rb7 34. Bf4 Be6 35. Rc5 Rxb3 36. Rxh5+ Kg6 37. Rxa5 Rc8 38. Re2 Rb1 39. Rb5 Ra1 40. Rb4 Ra8 41. Be5 R1xa4 42. Rxa4 Rxa4 43. f4 Bg4 44. Re1 Ra2+ 45. Kg1 Bf3 46. Re3 Bg4 47. Bd4 Rd2 48. Bc3 Rc2 49. Be1 Kh5 50. Bf2 Bh3 51. Be1 Kg4 52. e5 Rg2+ 53. Kh1 Rc2 54. e6 fxe6 55. Rxe6 Kf3 56. Rh6 Bg2+ 57. Kg1 Rc1 58. Re6 Bh3 59. Re5 Rc2 60. Ba5 Rc1+ 61. Re1 Rc2 62. Bb6 Rg2+ 63. Kh1 Rb2 64. Re3+ Kg4 65. Re1 Bg2+ 66. Kg1 Bf3 67. Bf2 Kh3 68. f5 Rb5 69. f6 Rf5 70. Re6 Bd5 71. Rd6 Bc4 72. Rd4 1-0

[Event "World Cup U12 Prel"]
[Site "Tornelo INT"]
[Date "2021.08.06"]
[Round "10"]
[White "Efimov, Leonid"]
[Black "Dzoba, Demian"]
[Result "1/2-1/2"]
[WhiteElo "1866"]
[BlackElo "1734"]
[PlyCount "116"]
[EventDate "2021.08.06"]
[EventType "swiss (rapid)"]
[EventRounds "10"]
[EventCountry "NET"]
[SourceTitle "EXT 2025"]
[Source "ChessBase"]
[SourceDate "2024.10.14"]
[SourceVersion "1"]
[SourceVersionDate "2024.10.14"]
[SourceQuality "1"]

1. d4 Nf6 2. c4 c6 3. Nf3 d5 4. Nbd2 Bf5 5. Nh4 Bg6 6. Qb3 Qb6 7. Qh3 Na6 8. Nxg6 fxg6 9. c5 Qc7 10. a3 e5 11. Qe6+ Qe7 12. Qxe7+ Bxe7 13. dxe5 Nd7 14. b4 Nxe5 15. e3 Nc7 16. Bb2 Bf6 17. Rb1 0-0 18. Be2 Nd7 19. 0-0 a6 20. Nb3 Nb5 21. a4 Nc3 22. Bxc3 Bxc3 23. Na5 Ra7 24. Rfc1 Be5 25. Nb3 Nf6 26. f3 g5 27. h3 h5 28. g4 hxg4 29. hxg4 Kf7 30. Nd4 Bxd4 31. exd4 Re8 32. Kf2 Raa8 33. Bd3 g6 34. Re1 Rxe1 35. Rxe1 Re8 36. Rxe8 Nxe8 37. b5 axb5 38. axb5 Nc7 39. b6 Ne6 40. Ke3 Kf6 41. Bc2 Kf7 42. Ba4 Nd8 43. Kd3 Ke6 44. Kc3 Kf6 45. Kd3 Ke6 46. Ke3 Kf6 47. f4 gxf4+ 48. Kxf4 g5+ 49. Ke3 Ke6 50. Bc2 Kf6 51. Bf5 Ne6 52. Kd3 Nf4+ 53. Kc3 Ne6 54. Kb4 Ke7 55. Ka5 Kd7 56. Kb4 Ke7 57. Kc3 Kf7 58. Bd3 Kf6 1/2-1/2